书目信息 |
| 题名: |
2006形势与政策复习指导
|
|
| 作者: | 汪云生 编 | |
| 分册: | ||
| 出版信息: | 北京 知识产权出版社 2005 |
|
| 页数: | 178页 | |
| 开本: | 20cm | |
| 丛书名: | 金牌考研系列 | |
| 单 册: | ||
| 中图分类: | D643 | |
| 科图分类: | ||
| 主题词: | 政治--中国 | |
| 电子资源: | ||
| ISBN: | 7-80011-497-X | |
| 000 | 00680nam0 2200241 450 | |
| 001 | 0632718531 | |
| 005 | 20061012090801.54 | |
| 010 | @a7-80011-497-X@dCNY10.00 | |
| 100 | @a20061012d2005 km y0chiy0120 ea | |
| 101 | 0 | @achi |
| 102 | @aCN | |
| 102 | @aCN@b110000 | |
| 200 | 1 | @a2006形势与政策复习指导@A2006 xing shi yu zheng ce fu xi zhi dao@f汪云生等编@Fwang yun sheng deng bian |
| 205 | @a4版 | |
| 210 | @a北京@c知识产权出版社@d2005 | |
| 215 | @a178页@d20cm | |
| 225 | @a金牌考研系列 | |
| 410 | 0 | @12001 @a金牌考研系列 |
| 606 | 0 | @a政治@x中国 |
| 690 | @aD643@v3 | |
| 701 | 0 | @a汪云生@Awang yun sheng@4编 |
| 801 | 0 | @aCN@bPFT@c20061012 |
| 905 | @a10447@dD643@e103=4 | |
| 2006形势与政策复习指导/汪云生等编.-4版.-北京:知识产权出版社,2005 |
| 178页;20cm.-(金牌考研系列) |
| ISBN 7-80011-497-X:CNY10.00 |
| ● |
| 相关链接 |
|
|
|
|
正题名:2006形势与政策复习指导
索取号:D643/103=4
 
预约/预借
| 序号 | 登录号 | 条形码 | 馆藏地/架位号 | 状态 | 备注 |
| 1 | 0501686 | 205016864 | 密集书库/ [索取号:D643/103=4] | 在馆 |